00513nam a2200145 a 450000100100000000500170001000800410002704000250006808200160009310000330010924501030014226000590024530000210030450000420032500003081720200930062528.0110530s1991 dr 000 0 spa d aDO-SdBNPbspacBNPHU axxxxbR788q1 aRosa y Carpio, Ramón de la10a¿Quién liberará este pueblo? :bpoemas, meditaciones y salmos /cRamón de la Rosa y Carpio. aSanto Domingo :bSusaeta Ediciones Dominicanas,c1991. a131 p. ;c21 cm. aIncluye datos biográficos del autor